Central Library OPAC University of Rajshahi
Normal view MARC view

Entry Topical Term

Number of records used in: 2

001 - CONTROL NUMBER

  • control field: 10903

003 - CONTROL NUMBER IDENTIFIER

  • control field: BD-RjUL

005 - DATE AND TIME OF LATEST TRANSACTION

  • control field: 20240117105929.0

008 - FIXED-LENGTH DATA ELEMENTS

  • fixed length control field: 240117|| aca||aabn | a|a d

040 ## - CATALOGING SOURCE

  • Original cataloging agency: BD-RjUL
  • Transcribing agency: BD-RjUL

150 ## - HEADING--TOPICAL TERM

  • Topical term or geographic name entry element: English language
  • General subdivision: Textbooks for foreign speakers
  • General subdivision: Persian

670 ## - SOURCE DATA FOUND

  • Source citation: Work cat.: (BD-RjUL)82654: پازارگادى، علاء الدين. ;; Pāzārgādī, ʻAlāʼ al-Dīn, 1913 or 1914- 10902, انشاء انگليسى / ;; Inshāʼ-i Ingilīsī /, 1331 [1952 or 1953]